LEADER 00952nam a2200241 i 4500 001 000000152824 003 CaOOAMICUS 005 20060905000000.0 008 060905s1960 fr u000 u fre u 013 $a130165 040 $aSeMil$bita 245 12$aL'abbé Jules Monchanin. 260 $aTournai ; Paris :$bCasterman,$c1960. 300 $a198 p., [3] c. di tav. :$bill. ;$c21 cm. 490 0 $aEglise vivante [Casterman] 500 $aContiene : Essai de bibliographie de l'Abbé J. Monchanin. 650 4$aMonchanin, Jules <1895-1957>.$0(OLS)http://semarc/subject/13753 830 0$aEglise vivante.$0(OLS)http://semarc/title/42384 850 $aSeMil 852 $aSeMil$W1$xVenegono$y1$m3J III 304$j104768$B104768$CSeMilBibl$Z2$F116019 $81 961 $aOmaggio: Gualerni don Gualberto 996 $6245$aL'abbé Jules Monchanin$9(OLS)http://semarc/title/223477 996 $6260$aTournai ; Paris :$bCasterman$9(OLS)http://semarc/publisher/29871 LEADER 01128nam a2200265 i 4500 001 000000040272 003 CaOOAMICUS 005 20210112095622.0 008 101222s1993 it u000 u ita u 013 $a11442 020 $a88-85918-84-0 040 $aSeMil$bita 245 10$a1: La celebrazione :$bintroduzione alla liturgia cristiana. 300 $a508 p. ;$c24 cm 490 0 $aBibliotheca Ephemerides Liturgicae. Subsidia ;$v73 490 0 $aStudi di liturgia. Nuova serie ;$v25 773 0 $tCelebrare il mistero di Cristo.$dRoma : CLV Edizioni Liturgiche, 1993-2012.$g1$w()587 830 0$aBibliotheca Ephemerides Liturgicae. Subsidia ;$v73.$0(OLS)http://semarc/title/38 830 0$aStudi di liturgia. Nuova serie ;$v25.$0(OLS)http://semarc/title/28084 850 $aSeMil 852 $aSeMil$W1$xVenegono$y1$m3KA A 73$j226702$B6427$CSeMilBibl$Z2$F6427 $81 961 $aAcquisto: Casa editrice 996 $6020$a88-85918-84-0$9(OLS)http://semarc/number/10356 996 $6245$a1: La celebrazione :$bintroduzione alla liturgia cristiana$9(OLS)http://semarc/title/57754